| 000 | 01477nam a22001937a 4500 | ||
|---|---|---|---|
| 005 | 20250115164748.0 | ||
| 008 | 250115b |||||||| |||| 00| 0 eng d | ||
| 040 | _cLDD | ||
| 100 | _aPujadas, Pablo | ||
| 245 | _aPropelling negotiation skills modules in construction engineering programs: Reflections and supporting tools for educators towards an enhanced effective training | ||
| 260 | _aElsevier, 2024 | ||
| 300 | _bp 1-8 | ||
| 490 |
_aAn International Journal Of Research And Studies _vVol. 138 |
||
| 500 | _aThis paper aims to provide a detailed account of our experience in implementing a negotiation module in an optional course of Management Skills in the Master's Degree in Structural & Construction Engineering program at the Universitat Politècnica de Catalunya and critically evaluate its effectiveness and impact on students' personal and professional development by triangulating experiences, surveys, and interviews. Based on an analysis of university curricula, the research explores effective teaching strategies, including Role-Play Simulation and Multi-Disciplinary Case Studies, which were highly valued by students. Video Recording and Playback, Peer Feedback, and Facilitator-led Discussions emerged as the most effective evaluation methods. | ||
| 650 | _aNegotiation | ||
| 700 | _aPardo-Bosch, Francesc | ||
| 856 |
_yclick here to access online _uhttps://www.sciencedirect.com/science/article/abs/pii/S0742051X23004201 |
||
| 942 |
_2ddc _cARTICLES |
||
| 999 |
_c194189 _d194189 |
||